000 00337nam a2200145Ia 4500
008 100415s9999 xx 000 0 und d
082 _b15824
100 _aPillai,R.S
245 _aBlack Buck
260 _aMADRAS
_c1985
_bMadras Naturalists' Society
365 _b0
630 _aBlack Buck
730 _aBlack Buck
942 _cBOOK
999 _c598722
_d598719